000 00803nam a2200241 a 4500
001 000007955
003 DO-SdBNP
005 20250219074027.0
008 090914s2005 dr a 000 0cspa d
020 _a9945100076
040 _aDO-SdBNP
_bspa
_cBNPHU
082 4 _a928.61
_bP438La
_222
100 1 _aPérez, Isael,
_d1961-
_91414
245 1 0 _aEscritores de la provincia La Altagracia /
_cIsael Pérez.
260 _aSanto Domingo :
_bBúho,
_c2005.
300 _a161 p. :
_bil. ;
_c23 cm.
590 _aInventariado, 2022/MFF
650 4 _aAutores dominicanos
_9230
_vBiografías
651 4 _aLa Altagracia (República Dominicana)
_921004
_vBiografías
651 4 _aLa Altagracia (República Dominicana)
_xVida intelectual
_921005
910 _aValidado. Control de calidad MFF
942 _2ddc
_cLBS1
999 _c7733
_d7733